000 00567cab a2200229 4500
001 X1113
008 090401t1993 xxu||||| |||| 00| 0 eng d
035 _a(Sirsi) u14750
041 _aeng
245 _aAgriculture and aerodrome
260 _c1993
350 _a0
490 _aCS Monthly : Rural Practice
_v3(2) October 1993, 6(1)
520 _aNorth Yorkshire CC v Johnson
650 _aAIRFIELD
650 _aCHANGE OF USE
650 _aFARMLAND
650 _aNATIONAL PARK
690 _aPLANNING LAW AND PRACTICE
942 _n0
948 _c04/03/1997
999 _c9626
_d9626